|
|
|
|
| LEADER |
00000nta a2200000 i 4500 |
| 001 |
dolg38266 |
| 005 |
20211220130424.0 |
| 008 |
211220suuuu hu o 000 hun d |
| 040 |
|
|
|a BGE Dolgozattár Repozitórium
|b hun
|
| 041 |
|
|
|a hu
|
| 100 |
1 |
|
|a Nguyen Thuy Valentina
|
| 245 |
1 |
3 |
|a Az Instagramon történő marketingkommunikáció hatékonyságának vizsgálata a divat kontextusában
|c Nguyen Thuy Valentina
|h [elektronikus dokumentum]
|
| 516 |
|
|
|a Students_Scientific_Association_paper
|
| 700 |
1 |
|
|a Németh Dr. Szilárd
|e ths
|
| 856 |
4 |
0 |
|u http://dolgozattar.uni-bge.hu/38266/1/Nguyen_Thuy_Valentina_PSZK.pdf
|z Dokumentum-elérés
|